Gazdasági paedagogia [!pedagógia] és a mai tanterv

Elmentve itt :
Bibliográfiai részletek
Szerző: Dékány István
Dokumentumtípus: Cikk
Megjelent: 1912
Sorozat:Magyar pedagógia : a Magyar Tudományos Akadémia Pedagógiai Bizottságának folyóirata 21
Kulcsszavak:Tanterv középiskola Magyarország, Műveltség oktatás tervezése, Gazdasági pedagógia
Online Access:http://misc.bibl.u-szeged.hu/8911
LEADER 00739nab a2200181 i 4500
001 misc8911
005 20191106143621.0
008 170607s1912 hu o 0|| hun d
022 |a 0025-0260 
040 |a SZTE Miscellanea Repozitórium  |b hun 
041 |a hun 
100 1 |a Dékány István 
245 1 0 |a Gazdasági paedagogia [!pedagógia] és a mai tanterv  |h [elektronikus dokumentum] /  |c  Dékány István 
260 |c 1912 
300 |a 32-35 
490 0 |a Magyar pedagógia : a Magyar Tudományos Akadémia Pedagógiai Bizottságának folyóirata  |v 21 
695 |a Tanterv középiskola Magyarország, Műveltség oktatás tervezése, Gazdasági pedagógia 
856 4 0 |u http://misc.bibl.u-szeged.hu/8911/1/mp_1912_1719_032-035.pdf  |z Dokumentum-elérés